书目信息 |
| 题名: |
机械制图习题集(非机类)
|
|
| 作者: | 叶时勇 , 唐树忠 主编 | |
| 分册: | ||
| 出版信息: | 天津 天津大学出版社 2001.09 |
|
| 页数: | 54页 | |
| 开本: | 26cm | |
| 丛书名: | ||
| 单 册: | ||
| 中图分类: | TH126-44 | |
| 科图分类: | ||
| 主题词: | 机械制图:计算机制图 | |
| 电子资源: | ||
| ISBN: | 7-5618-1290-6 | |
| 000 | 00653nam0 2200205 45 | |
| 001 | 0234233568 | |
| 005 | 2002102609303356 | |
| 010 | @a7-5618-1290-6@b压膜@dRMB 16.00 | |
| 100 | @a20021026d2001 km y0chiy0120 ea | |
| 101 | 0 | @achi |
| 102 | @aCN@b120000 | |
| 200 | 1 | @a机械制图习题集(非机类)@Aji xie zhi tu xi ti ji(fei ji lei)@f叶时勇,唐树忠主编@Fye shi yong,tang shu zhong zhu bian |
| 210 | @a天津@c天津大学出版社@d2001.09 | |
| 215 | @a54页@d26cm | |
| 606 | 0 | @a机械制图:计算机制图 |
| 690 | @aTH126-44@v3 | |
| 701 | 0 | @a叶时勇@Aye shi yong@4主编 |
| 701 | 0 | @a唐树忠@Atang shu zhong@4主编 |
| 801 | 0 | @aCN@bPFT@c20021026 |
| 905 | @a10447@dTH126-44@eY446 | |
| 机械制图习题集(非机类)/叶时勇,唐树忠主编.-天津:天津大学出版社,2001.09 |
| 54页;26cm |
| ISBN 7-5618-1290-6(压膜):RMB 16.00 |
| ● |
| 相关链接 |
|
|
|
正题名:机械制图习题集(非机类)
索取号:TH126-44/Y446
 
预约/预借
| 序号 | 登录号 | 条形码 | 馆藏地/架位号 | 状态 | 备注 |
| 1 | 358932 | 203589321 | 自科二线404/404自科库 2排6列6层/ [索取号:TH126-44/Y446] | 在馆 | |
| 2 | 358933 | 203589330 | 自科库501/501自科库 36排4列5层/ [索取号:TH126-44/Y446] | 在馆 |